000 00452cam a2200145 4500500
005 20250921003556.0
041 _afre
042 _adc
100 1 0 _aFrancis, Matthew R.
_eauthor
245 0 0 _aVivons-nous dans une simulation?
260 _c2014.
500 _a67
786 0 _nPhilosophie Magazine | 81 | 7 | 2014-07-01 | p. 15-18
856 4 1 _uhttps://shs.cairn.info/magazine-philosophie-magazine-2014-7-page-15?lang=fr&redirect-ssocas=7080
999 _c1506507
_d1506507